000 00324nam a2200145Ia 4500
100 _aKissel Thomas E
650 _aElectrical Engineering
942 _cBK
654 _aelectronics
245 _aIndustrial electronics
260 _bPrentice Hall
_aNew Delhi
_c1997
300 _a825
546 _aENGLISH
999 _c34451
_d34451